[Event "EU Amateur-ch"]
[Site "Ruzomberok"]
[Date "2016.06.09"]
[Round "5"]
[White "Janas, Peter"]
[Black "Sagi, Itamar"]
[Result "1/2-1/2"]
[WhiteElo "1715"]
[BlackElo "1500"]
[PlyCount "90"]
[EventDate "2016.06.06"]
[EventType "swiss"]
[EventRounds "9"]
[EventCountry "SVK"]
[SourceTitle "CBM 172 Extra"]
[Source "ChessBase"]
[SourceDate "2016.06.21"]
[SourceVersion "1"]
[SourceVersionDate "2016.06.21"]
[SourceQuality "1"]

1. d4 d5 2. Nf3 Nf6 3. c4 e6 4. Nc3 Be7 5. e3 Nbd7 6. Bd3 0-0 7. Qc2 c5 8. 0-0 b6 9. b3 Bb7 10. cxd5 exd5 11. Ne5 cxd4 12. exd4 Rc8 13. Nxd7 Qxd7 14. Bb2 g6 15. Qd1 Rfe8 16. Ne2 Nh5 17. Rc1 f5 18. Rxc8 Rxc8 19. Qd2 Nf6 20. f3 Re8 21. Rc1 Kg7 22. Re1 Bd6 23. Ng3 f4 24. Rxe8 Qxe8 25. Ne2 g5 26. h3 a5 27. a4 Bc6 28. Bc3 Nh5 29. Kf1 h6 30. Bc2 Qe3 31. Qxe3 fxe3 32. Bd3 Bf4 33. Be1 Nf6 34. g3 Bd6 35. Nc3 Nh5 36. Ne2 Bd7 37. Kg2 Be7 38. Bc3 Nf6 39. Be1 Bd6 40. Bc3 h5 41. Be1 Kh6 42. Bc3 Kg7 43. Be1 Kh6 44. Bc3 Kg7 45. Be1 Kh6 1/2-1/2